000 00578cam a2200217 4500
001 B2210
008 090401t1988 xxu||||| |||| 00| 0 eng d
035 _a(Sirsi) u48752
041 _aeng
050 _a624.171
110 _aInstitution of Structural Engineers
_9441
245 _aStability of buildings
260 _aLondon
_bInstitution of Structural Engineers
_c1988
300 _a24p. : ill. ; 30cm.
350 _a15
650 _aBUILT ENVIRONMENT-CONSTRUCTION DESIGN
650 _aBUILDING FAILURES
650 _aSTRUCTURES
942 _n0
948 _c04/03/1997
999 _c92402
_d92402